Diario de la guerra del cerdo

সংরক্ষণ করুন:
গ্রন্থ-পঞ্জীর বিবরন
প্রধান লেখক: Bioy Casares, Adolfo
বিন্যাস: গ্রন্থ
ভাষা:স্প্যানিশ
প্রকাশিত: Buenos Aires Emece 1969
মালা:Novelistas Argentinos Contemporáneos
বিষয়গুলি:
ট্যাগগুলো: ট্যাগ যুক্ত করুন
কোনো ট্যাগ নেই, প্রথমজন হিসাবে ট্যাগ করুন!

MARC

LEADER 00000nam a2200000 a 4500
001 UCY7183
003 CL-VaPUC
005 20210611001436.0
008 950609e19690000AG |||||||||||||||||spa|d
999 |c 234613  |d 234611 
040 |c Pontificia Universidad Católica de Valparaíso 
082 0 4 |a Ar863 BIO 1969  |2 21 
100 0 |a Bioy Casares, Adolfo  |9 337458 
245 1 0 |a Diario de la guerra del cerdo 
260 |a Buenos Aires  |b Emece  |c 1969 
300 |a 218 páginas 
490 0 |a Novelistas Argentinos Contemporáneos 
583 |a last modification  |c 19950609 00:00:00  |k Rodrigo Vera 
650 0 |a Novelas argentinas  |9 267871 
650 0 |a Literatura argentina  |9 320596 
942 |c BK  |2 ddc 
945 |d 19950609 00:00:00  |a rbrito 
952 |0 0  |1 0  |2 ddc  |4 0  |6 AR_863_000000000000000_BIO_1969  |7 0  |8 A  |9 241164  |a BIBART  |b BIBART  |d 2019-11-18  |i 2006391  |o Ar863 BIO 1969  |p 2006391  |r 2025-03-13  |t 1  |w 2019-11-18  |y BK  |k ART